History Quiz

Random History or Clickable Quiz

Eyewitness to History Quiz Stats

 Plays Quiz Updated Apr 3, 2013

Challenge
Share
Tweet
Embed
Score 0/20 Timer 07:00
5 Plays Today
% Correct
Coronation of Queen Victoria, 1838
87.3%
Black Death, 1348
87%
Blitzkrieg: German Breakthrough on the Meuse, 1940
86.9%
Sale of Slaves, Virginia, 1846
84.6%
Reichstag Fire, 1933
83.6%
Eruption of Vesuvius, 79
81.6%
Great Fire of London, 1666
80%
Napoleon Enters Moscow, 1812
75.3%
Death of Socrates, 399 BC
74.5%
Death of Lord Nelson, 1805
74.2%
% Correct
Kublai Khan's Park, 1275
71.9%
Prisoners of the Inquisition, 1568-75
68.2%
Battle of Agincourt, 1415
63.3%
Siege of Jerusalem, 70
60.5%
A Jesuit is Tortured in the Tower, 1597
56%
Human Sacrifice among the Aztecs, c. 1520
52.8%
Stanley Finds Livingstone, 1871
52.3%
San Francisco Earthquake, 1906
47.4%
Kitten Overboard, 1754
46.9%
Execution of Thomas Cranmer, 1556
46.4%

You're not logged in!

Compare scores with friends on all Sporcle quizzes.
Join for Free
OR
Log In

You Might Also Like...

Show Comments

Extras

Top Quizzes Today


Score Distribution

Your Account Isn't Verified!

In order to create a playlist on Sporcle, you need to verify the email address you used during registration. Go to your Sporcle Settings to finish the process.

Report this User

Report this user for behavior that violates our Community Guidelines.

Details: